|
|
|
|
| LEADER |
00000nam0a2200000 4500 |
| 001 |
158491 |
| 005 |
20231031154438.0 |
| 010 |
|
|
|a 9785911318208
|
| 035 |
|
|
|a (RuTPU)RU\TPU\book\171884
|
| 035 |
|
|
|a RU\TPU\book\111788
|
| 035 |
|
|
|a RU\TPU\book\130498
|
| 090 |
|
|
|a 158491
|
| 100 |
|
|
|a 20061020d2009 m y0rusy50 ca
|
| 101 |
0 |
|
|a rus
|
| 102 |
|
|
|a RU
|
| 105 |
|
|
|a y j 001zy
|
| 200 |
1 |
|
|a Бюджетная система Российской Федерации
|e учебник
|f И. М. Александров, О. В. Субботина
|
| 205 |
|
|
|a 3-е изд., перераб. и доп.
|
| 210 |
|
|
|a Москва
|c Дашков и К
|d 2009
|
| 215 |
|
|
|a 448 с.
|
| 320 |
|
|
|a Библиогр.: с. 443-444.
|
| 330 |
|
|
|a В учебнике раскрыты положения теории бюджетной системы, математический аппарат расчета доходов и расходов бюджетов, сущность, функции, организация, особенности управления бюджетами всех уровней, распределение полномочий органов государственной власти и местного самоуправления. Для студентов, аспирантов и преподавателей вузов, слушателей системы повышения квалификации и переподготовки кадров, финансовых работников и государственных служащих бюджетной системы.
|
| 451 |
|
1 |
|0 (RuTPU)RU\TPU\book\130498
|y 5-91131-356-1
|t Бюджетная система Российской Федерации
|o учебник
|f И. М. Александров
|e 2-е изд.
|c М.
|n Дашков и К
|d 2007
|p 486 с.
|a Александров, Иван Михайлович
|
| 606 |
1 |
|
|a Бюджетная система
|y Российская Федерация
|2 stltpush
|3 (RuTPU)RU\TPU\subj\67536
|
| 610 |
1 |
|
|a экономика
|
| 610 |
1 |
|
|a финансы
|
| 610 |
1 |
|
|a бюджет
|
| 610 |
1 |
|
|a бюджетная политика
|
| 610 |
1 |
|
|a бюджетное регулирование
|
| 610 |
1 |
|
|a бюджетная классификация
|
| 610 |
1 |
|
|a Российская Федерация
|
| 610 |
1 |
|
|a бюджетные средства
|
| 610 |
1 |
|
|a местные бюджеты
|
| 610 |
1 |
|
|a сбалансированность
|
| 610 |
1 |
|
|a непроизводственная сфера
|
| 610 |
1 |
|
|a фонды
|
| 610 |
1 |
|
|a государственные внебюджетные фонды
|
| 610 |
1 |
|
|a целевые бюджетные фонды
|
| 610 |
1 |
|
|a резервные фонды
|
| 610 |
1 |
|
|a федеральные фонды
|
| 610 |
1 |
|
|a фонды финансовой поддержки
|
| 610 |
1 |
|
|a региональные фонды
|
| 610 |
1 |
|
|a бюджетное право
|
| 610 |
1 |
|
|a бюджетные отношения
|
| 610 |
1 |
|
|a бюджетный федерализм
|
| 610 |
1 |
|
|a учебники
|
| 686 |
|
|
|a У9(2)261.3я73
|v LBC/SL-A
|2 rubbk
|
| 700 |
|
1 |
|a Александров
|b И. М.
|g Иван Михайлович
|
| 701 |
|
1 |
|a Субботина
|b О. В.
|g Оксана Васильевна
|
| 801 |
|
1 |
|a RU
|b 63413507
|c 20090423
|g PSBO
|
| 801 |
|
2 |
|a RU
|b 63413507
|c 20210204
|g PSBO
|
| 900 |
|
|
|a Бюджетная система
|
| 900 |
|
|
|a Бюджетное планирование и налоговая система
|
| 942 |
|
|
|c BK
|
| 953 |
|
|
|b 080105
|
| 959 |
|
|
|a 54/20090422
|d 2
|e 220,00
|f АНЛ:1
|f ЧЗГЛ:1
|